000 01971cam a2200529 4500
003 PE-LiUPU
005 20250731165612.0
020 _a8477383545
035 _a(Sirsi) i9788477383543
035 _a(Sirsi) 46701
035 _a(Sirsi) 46701
041 _aes
044 _aes
082 0 4 _a025.4
_bP59
100 1 _aPinto Molina, María
_eautor.
245 1 0 _aAnálisis documental de contenido :
_bprocesamiento de información /
_cMaría Pinto, Carmen Gálvez ; prólogo de T.A. van Dijk.
264 1 _aMadrid :
_bSíntesis,
_c1999
300 _a158 páginas :
_bilustraciones ;
_c23 cm.
490 0 _aCiencias de la información. Biblioteconomía y documentación
504 _aIncluye bibliografía
505 0 _aEl documento textual -- Procesos de análisis documental de contenido (ADC) -- Estrategias de análisis documental de contenido -- Técnicas de análisis documental de contenido -- Introducción a la práctica: perspectivas en análisis documen
526 _aSEG44
526 _aSEG26
526 _aP151
526 _aP150
526 _aP149
526 _aP146
526 _aP145
526 _aP126
526 _aP125
526 _aP92
526 _aP75
526 _aP74
526 _aP27
526 _aP15
650 1 4 _aDocumentacion.
650 2 4 _aAnalisis de contenido (comunicacion).
700 1 _aGálvez, Carmen
_ecoaut.
942 _2ddc
_cBOOK
949 _a025.4 P59
_i64311
_lCCODEBUL1
_mBUL
_tLIBRO
_o.STAFF. Colección General
859 _q64311
_h025.4
_iP59
910 _agl
_bjv
_clch
_d20120305
596 _a1
999 _aPGE 025.4 P59
_wDEWEY
_c53100
_i64311
_d53100
_f2021-11-4
_g5
_lCCODEBUL1
_mBUL
_p41.00
_q1
_r0
_sY
_tBOOK
_u2015-7-6
_xBIBLIOTECA
_PP57
_0COMPRA
_o.CIRCNOTE. No olvidar cambiar la fecha de devolución!!!!!!!
_o.STAFF. Colección General
980 _81
_gALBERTO SANCHEZ Responsable de Automatización